000 00332nam a22001457a 4500
008 230613b ||||| |||| 00| 0 eng d
020 _a9780803644021
041 _aeng
080 _2THIRD EDITION
_a610.73
082 _a610.73COL
100 _a7
101 _aMJP
245 _aMED-SURG SUCCESS
_cCOLGROVE.C.K
942 _2udc
_cBK
999 _c59946
_d59946